000 00686nam a2200253Ia 4500
003 OSt
005 20220918165722.0
006 a|||||r|||| 00| 0
007 ta
008 220917b |||||||| |||| 00| 0 eng d
020 _a8170501156
024 _a3,363
037 _cTextual
040 _aARTS
_cARTS
_beng
041 _2eng
_aeng
082 _aY5927.2, N0
100 _aYurlova E S.
_925288
245 0 _aScheduled castes in India
260 _aNew Delhi
_bPatriot
_c1990
300 _a294p Bibliography
_ccm.
650 _aCASTE - INDIA - SCHEDULED CASTE; SOCIOLOGY
_925289
942 _hY5927.2, N0
_cTEXL
_2CC
999 _c130850
_d130850